| 000 | 00455nam a2200169Ia 4500 | ||
|---|---|---|---|
| 008 | 230917s9999||||xx |||||||||||||| ||und|| | ||
| 020 | _cRS192 | ||
| 040 |
_e238898 _aMAIN |
||
| 041 | _aEnglish | ||
| 082 | _a891.2109 S23S | ||
| 100 | _aSharma, Ramdutt | ||
| 245 | 0 | _aSanskrit mahakavyon mein samajchitran | |
| 260 |
_aNew Delhi _bRitu Prakashan _c2016 |
||
| 300 | _a296 p. | ||
| 500 | _a2674 14/03/2017 HBD17/6965 29/05/2017 Main Budget | ||
| 942 | _cBK | ||
| 999 |
_c21960 _d21960 |
||